Ecotoxicology becomes stress ecology /
Sparad:
| Huvudupphovsman: | |
|---|---|
| Materialtyp: | Artikel |
| Språk: | English |
| Ämnen: | |
| Taggar: |
Lägg till en tagg
Inga taggar, Lägg till första taggen!
|
| Thư viện lưu trữ: | Thư viện Trường Đại học Đà Lạt |
|---|
| LEADER | 00817nam a2200289 4500 | ||
|---|---|---|---|
| 001 | DLU090093965 | ||
| 005 | ##20091201 | ||
| 040 | # | # | |a DLU |b eng |
| 041 | # | # | |a eng |
| 044 | # | # | |a us |
| 100 | # | # | |a Straalen, Nico M. Van. |
| 245 | # | # | |a Ecotoxicology becomes stress ecology / |c Nico M. Van Straalen. |
| 653 | # | # | |a Ecology |
| 653 | # | # | |a Ecotoxicology |
| 653 | # | # | |a Environment |
| 653 | # | # | |a Review |
| 653 | # | # | |a Scientific research |
| 773 | # | # | |t Environmental Science & Technology |g Vol. 37, no. 17 (September 2003), p. 324A-330A |
| 920 | # | # | |a Phòng Tạp chí -- Trung tâm Thông tin - Thư viện Trường Đại học Đà Lạt |
| 994 | # | # | |a DLU |
| 900 | # | # | |a True |
| 911 | # | # | |a Trương Bảo Trâm Anh |
| 925 | # | # | |a G |
| 926 | # | # | |a A |
| 927 | # | # | |a BB |
| 980 | # | # | |a Thư viện Trường Đại học Đà Lạt |